000
00341 a2200169 4500
001
61642
020
_a
9788500022029
040
_c
Anchieta - Pituba
100
_a
Ábalos, Rafael
240
1
0
_a
Grimpow
_l
por
245
1
0
_a
Grimpow
300
_a
362
362
0
_a
2007
440
1
_a
Ediouro
650
4
_a
Literatura juvenil
942
_c
BK
999
_c
61642
_d
61642